[Event "Titled Tuesday intern op 04th Feb Early"]
[Site "Chess.com INT"]
[Date "2025.02.04"]
[Round "1"]
[White "Nanditha, V."]
[Black "Kazmin, Semen"]
[Result "0-1"]
[WhiteElo "1904"]
[BlackElo "2170"]
[PlyCount "60"]
[EventDate "2025.02.04"]
[EventType "swiss (blitz)"]
[EventRounds "11"]
[EventCountry "USA"]
[SourceTitle "CB07_2025"]
[SourceDate "2025.02.12"]
[SourceVersion "1"]
[SourceVersionDate "2025.02.12"]
[SourceQuality "1"]

1. e4 e5 2. Nf3 Nc6 3. Nc3 Nf6 4. d4 exd4 5. Nxd4 Bb4 6. Nxc6 bxc6 7. Bd3 d5 8. exd5 0-0 9. 0-0 cxd5 10. h3 h6 11. Qf3 c6 12. Bf4 Bd6 13. Rad1 Rb8 14. b3 Rb4 15. Bxd6 Qxd6 16. Na4 Rf4 17. Qe3 d4 18. Qd2 Rh4 19. c3 Ng4 20. f4 Ne3 21. cxd4 Nxd1 22. Rxd1 Qxd4+ 23. Kh1 Qxf4 24. Qe2 Bxh3 25. gxh3 Rxh3+ 26. Kg1 Qg3+ 27. Qg2 Qe3+ 28. Qf2 Rg3+ 29. Kf1 Rf3 30. Re1 Qxf2# 0-1

[Event "Budapest FS09 U2250"]
[Site "Budapest"]
[Date "2024.09.12"]
[Round "6.5"]
[White "Gremeda, Nuri Milad"]
[Black "Nanditha, V."]
[Result "1/2-1/2"]
[WhiteElo "2043"]
[BlackElo "1903"]
[PlyCount "81"]
[EventDate "2024.09.07"]
[EventType "swiss"]
[EventRounds "9"]
[EventCountry "HUN"]
[SourceTitle "EXT 2025"]
[Source "ChessBase"]
[SourceDate "2024.10.14"]
[SourceVersion "1"]
[SourceVersionDate "2024.10.14"]
[SourceQuality "1"]

1. e4 c6 2. d3 d5 3. Nd2 dxe4 4. dxe4 e5 5. Ngf3 Nd7 6. Bc4 Bc5 7. 0-0 h6 8. a4 a5 9. Qe2 Qf6 10. Nb3 Bb6 11. Be3 Ne7 12. Rad1 0-0 13. Rd2 Bc7 14. Rfd1 Nb8 15. Bc5 Bg4 16. h3 Bh5 17. g4 Bg6 18. Bd6 Bxd6 19. Rxd6 Qf4 20. Re1 Kh7 21. Nc5 Nc8 22. Rd2 Ra7 23. Nd3 Qxe4 24. Qxe4 Bxe4 25. Rxe4 Nd6 26. Nc5 Nxe4 27. Nxe4 f6 28. Nh4 g6 29. Nc5 b6 30. Ne6 Re8 31. Rd6 Rd7 32. Rxd7+ Nxd7 33. Kg2 e4 34. f4 exf3+ 35. Nxf3 b5 36. axb5 cxb5 37. Ba2 Ne5 38. Nxe5 fxe5 39. Kf3 Rc8 40. c3 a4 41. Ke4 1/2-1/2

[Event "Budapest FS09 U2250"]
[Site "Budapest"]
[Date "2024.09.12"]
[Round "7.5"]
[White "Nanditha, V."]
[Black "Cooke, Eric"]
[Result "1-0"]
[WhiteElo "1903"]
[BlackElo "1958"]
[PlyCount "97"]
[EventDate "2024.09.07"]
[EventType "swiss"]
[EventRounds "9"]
[EventCountry "HUN"]
[SourceTitle "EXT 2025"]
[Source "ChessBase"]
[SourceDate "2024.10.14"]
[SourceVersion "1"]
[SourceVersionDate "2024.10.14"]
[SourceQuality "1"]

1. e4 e6 2. d4 d5 3. Nc3 Bb4 4. exd5 exd5 5. Bd3 Nc6 6. a3 Be7 7. Nge2 Bf6 8. Bf4 Bg4 9. f3 Bh5 10. Nb5 Rc8 11. Bf5 a6 12. Bxc8 axb5 13. Bxb7 Na5 14. Ba6 c6 15. a4 b4 16. 0-0 Qb6 17. Bc8 Ne7 18. Bg4 Bg6 19. b3 0-0 20. Bd6 Nb7 21. Bxe7 Bxe7 22. Nf4 Bf6 23. Nxg6 hxg6 24. Kh1 Bxd4 25. Rb1 Be3 26. f4 f5 27. Bf3 d4 28. Qe2 Nd6 29. a5 Qc5 30. g3 Kf7 31. Kg2 Re8 32. Qd3 Re7 33. a6 Ra7 34. Ra1 Ke7 35. h4 Kd7 36. Rh1 Nb5 37. h5 Na3 38. Ra2 g5 39. fxg5 Bxg5 40. Rd1 Bf6 41. Re1 Ra8 42. Qe2 Kc7 43. Qe6 Kb6 44. Qd7 Ra7 45. Qc8 Rxa6 46. h6 Qc3 47. h7 g5 48. Re6 Kb5 49. Be2+ 1-0

[Event "Budapest FS09 U2250"]
[Site "Budapest"]
[Date "2024.09.10"]
[Round "4.6"]
[White "Nanditha, V."]
[Black "Mayer, Istvan"]
[Result "1-0"]
[WhiteElo "1903"]
[BlackElo "1799"]
[PlyCount "41"]
[EventDate "2024.09.07"]
[EventType "swiss"]
[EventRounds "9"]
[EventCountry "HUN"]
[SourceTitle "EXT 2025"]
[Source "ChessBase"]
[SourceDate "2024.10.14"]
[SourceVersion "1"]
[SourceVersionDate "2024.10.14"]
[SourceQuality "1"]

1. e4 e6 2. d4 d5 3. Nc3 Bb4 4. e5 c5 5. a3 Bxc3+ 6. bxc3 Qa5 7. Bd2 Nc6 8. Qg4 g6 9. Bd3 Nge7 10. h4 Qa4 11. Nf3 c4 12. Be2 Qxc2 13. 0-0 Qf5 14. Qxf5 exf5 15. Bh6 Be6 16. a4 b6 17. Bg7 Rg8 18. Bf6 h6 19. Rfb1 Na5 20. Bd1 Kd7 21. g3 1-0

[Event "Budapest FS09 U2250"]
[Site "Budapest"]
[Date "2024.09.08"]
[Round "2.8"]
[White "Nanditha, V."]
[Black "Vegvari, Ferenc"]
[Result "1-0"]
[WhiteElo "1903"]
[BlackElo "1623"]
[PlyCount "41"]
[EventDate "2024.09.07"]
[EventType "swiss"]
[EventRounds "9"]
[EventCountry "HUN"]
[SourceTitle "EXT 2025"]
[Source "ChessBase"]
[SourceDate "2024.10.14"]
[SourceVersion "1"]
[SourceVersionDate "2024.10.14"]
[SourceQuality "1"]

1. e4 c5 2. Nf3 d6 3. d4 cxd4 4. Nxd4 Nf6 5. Nc3 a6 6. Be3 b5 7. a4 b4 8. Nd5 Nxd5 9. exd5 Bb7 10. Bc4 Qc7 11. Bb3 Nd7 12. Qd2 Nc5 13. Bc4 Rb8 14. 0-0 Ne4 15. Qe2 Nc5 16. Rfe1 g6 17. Bg5 h6 18. Bh4 Rc8 19. Bf6 Rh7 20. b3 e5 21. dxe6 1-0

[Event "Speed Chess (Women) Play In 4"]
[Site "Chess.com INT"]
[Date "2024.08.16"]
[Round "5"]
[White "Henderson de la Fuente, Andrea"]
[Black "Nanditha, V."]
[Result "0-1"]
[WhiteElo "1986"]
[BlackElo "1903"]
[PlyCount "112"]
[EventDate "2024.08.16"]
[EventType "swiss (blitz)"]
[EventRounds "11"]
[EventCountry "USA"]
[SourceTitle "CBM 221 Extra"]
[Source "ChessBase"]
[SourceDate "2024.09.30"]
[SourceVersion "1"]
[SourceVersionDate "2024.09.30"]
[SourceQuality "1"]

1. e4 c6 2. d4 d5 3. Nc3 dxe4 4. Nxe4 Nf6 5. Nxf6+ exf6 6. Bc4 Bd6 7. Ne2 0-0 8. 0-0 Bg4 9. h3 Bh5 10. Be3 Nd7 11. Bb3 f5 12. Qd2 Nf6 13. Ng3 Bxg3 14. fxg3 Ne4 15. Qe1 Bg6 16. h4 Re8 17. h5 Bxh5 18. Rxf5 Bg6 19. Rf4 Nf6 20. Qf2 Nd5 21. Bxd5 cxd5 22. Rf1 f6 23. g4 h6 24. c3 Rc8 25. Bc1 Rc6 26. Re1 Rce6 27. Rxe6 Rxe6 28. Rf3 Re4 29. Qg3 Qe7 30. Re3 Rxe3 31. Qxe3 Qxe3+ 32. Bxe3 Bc2 33. Bf4 Bd1 34. Kf2 Bxg4 35. Ke3 Bf5 36. b3 g5 37. Bb8 a6 38. c4 Be4 39. c5 f5 40. a3 f4+ 41. Kf2 Kf7 42. g3 fxg3+ 43. Kxg3 Bc2 44. b4 Kg6 45. Be5 h5 46. Bd6 Kf5 47. Be5 h4+ 48. Kg2 g4 49. Bd6 Ke4 50. Be5 Kd3 51. Bf6 h3+ 52. Kg3 Kc4 53. Be5 Bd1 54. Kh2 Kb3 55. a4 Kxb4 56. Kg3 Kxa4 0-1

[Event "Speed Chess (Women) Play In 4"]
[Site "Chess.com INT"]
[Date "2024.08.16"]
[Round "6"]
[White "Nanditha, V."]
[Black "Sickmann, Lisa"]
[Result "1-0"]
[WhiteElo "1903"]
[BlackElo "1964"]
[PlyCount "85"]
[EventDate "2024.08.16"]
[EventType "swiss (blitz)"]
[EventRounds "11"]
[EventCountry "USA"]
[SourceTitle "CBM 221 Extra"]
[Source "ChessBase"]
[SourceDate "2024.09.30"]
[SourceVersion "1"]
[SourceVersionDate "2024.09.30"]
[SourceQuality "1"]

1. e4 c6 2. d4 d5 3. e5 Bf5 4. Nf3 e6 5. Be2 Be7 6. 0-0 Nh6 7. Nbd2 Bg6 8. Nb3 0-0 9. Bxh6 gxh6 10. Ne1 Kh8 11. f4 Rg8 12. Kh1 Be4 13. Bf3 Bxf3 14. Rxf3 Qf8 15. f5 exf5 16. Rxf5 Qg7 17. Qf3 Rf8 18. Nd3 Nd7 19. Rf1 f6 20. e6 Nb6 21. Nbc5 Nc4 22. Qe2 Nd6 23. R5f3 f5 24. Ne5 Bf6 25. Ncd3 Bxe5 26. Nxe5 Rae8 27. Nd3 Rf6 28. Re1 Rfxe6 29. Qxe6 Rxe6 30. Rxe6 Qf8 31. Ne5 Ne4 32. g4 f4 33. h4 Qd8 34. Rxh6 Kg7 35. g5 Nxg5 36. hxg5 Qxg5 37. Rh2 Qf5 38. Rg2+ Kf8 39. Rgf2 Qh5+ 40. Kg1 Qg5+ 41. Kf1 Ke7 42. Rxf4 Qg7 43. Rf7+ 1-0

[Event "Speed Chess (Women) Play In 3"]
[Site "Chess.com INT"]
[Date "2024.08.15"]
[Round "10"]
[White "Grapsa, Georgia"]
[Black "Nanditha, V."]
[Result "0-1"]
[WhiteElo "2047"]
[BlackElo "1903"]
[PlyCount "74"]
[EventDate "2024.08.15"]
[EventType "swiss (blitz)"]
[EventRounds "11"]
[EventCountry "USA"]
[SourceTitle "CBM 221 Extra"]
[Source "ChessBase"]
[SourceDate "2024.09.30"]
[SourceVersion "1"]
[SourceVersionDate "2024.09.30"]
[SourceQuality "1"]

1. d4 Nf6 2. Nf3 g6 3. c4 Bg7 4. g3 0-0 5. Bg2 d6 6. 0-0 Nbd7 7. Nc3 e5 8. h3 exd4 9. Nxd4 a5 10. e4 Re8 11. Re1 Nc5 12. b3 Bd7 13. Bb2 Qc8 14. Kh2 Nh5 15. Nd5 Bc6 16. Qd2 Ne6 17. Nxe6 fxe6 18. Bxg7 Kxg7 19. Qc3+ e5 20. f4 Bxd5 21. cxd5 Qd7 22. Rac1 Re7 23. Rf1 Rf8 24. fxe5 Rxe5 25. Rxf8 Kxf8 26. Qxc7 Re7 27. Qb8+ Kg7 28. Rc8 Nf6 29. Rd8 Qc7 30. Qxc7 Rxc7 31. Rxd6 Rc2 32. e5 Ne4 33. Rd7+ Kh6 34. e6 Nd2 35. e7 Nf3+ 36. Kh1 Rc1+ 37. Bf1 Rxf1+ 0-1

[Event "Speed Chess (Women) Play In 3"]
[Site "Chess.com INT"]
[Date "2024.08.15"]
[Round "11"]
[White "Putri, Regita Desyari"]
[Black "Nanditha, V."]
[Result "0-1"]
[WhiteElo "1932"]
[BlackElo "1903"]
[PlyCount "50"]
[EventDate "2024.08.15"]
[EventType "swiss (blitz)"]
[EventRounds "11"]
[EventCountry "USA"]
[SourceTitle "CBM 221 Extra"]
[Source "ChessBase"]
[SourceDate "2024.09.30"]
[SourceVersion "1"]
[SourceVersionDate "2024.09.30"]
[SourceQuality "1"]

1. e4 c6 2. d4 d5 3. exd5 cxd5 4. c4 Nf6 5. Nc3 Nc6 6. Nf3 g6 7. cxd5 Nxd5 8. Qb3 Nxc3 9. bxc3 Bg7 10. Bc4 0-0 11. Be2 e5 12. Be3 exd4 13. cxd4 Be6 14. Qb2 Ne7 15. 0-0 b6 16. Rac1 Bd5 17. Qd2 Nf5 18. Bg5 Qd7 19. Bf4 f6 20. Rfe1 Rac8 21. Be3 Rxc1 22. Rxc1 Rc8 23. Rd1 Qa4 24. Bd3 Nxe3 25. Qxe3 Qxd1+ 0-1

[Event "Budapest SixDays 06 IM-B"]
[Site "Budapest"]
[Date "2024.06.05"]
[Round "4"]
[White "Horvath, David G"]
[Black "Nanditha, V."]
[Result "1-0"]
[WhiteElo "2313"]
[BlackElo "1852"]
[PlyCount "151"]
[EventDate "2024.06.03"]
[EventType "tourn"]
[EventRounds "9"]
[EventCountry "HUN"]
[SourceTitle "CBM 220 Extra"]
[Source "ChessBase"]
[SourceDate "2024.07.31"]
[SourceVersion "1"]
[SourceVersionDate "2024.07.31"]
[SourceQuality "1"]

1. c4 Nf6 2. Nf3 g6 3. b3 Bg7 4. Bb2 0-0 5. g3 d6 6. d4 c5 7. Bg2 Nc6 8. d5 Nb4 9. 0-0 e5 10. dxe6 fxe6 11. e3 Qe7 12. Qe2 Bd7 13. Nc3 Bc6 14. a3 Na6 15. Rad1 Ne4 16. Nxe4 Bxe4 17. Bxg7 Kxg7 18. Nd2 Bxg2 19. Kxg2 d5 20. e4 d4 21. e5 Rad8 22. Ne4 Nb8 23. f4 Nc6 24. Rd3 b6 25. g4 Qb7 26. Kg1 h6 27. h4 Qe7 28. Nf6 Nb8 29. h5 Rxf6 30. exf6+ Qxf6 31. hxg6 Nd7 32. Qe4 Re8 33. Rh3 Qxg6 34. Qxg6+ Kxg6 35. Kg2 Nf6 36. Kf3 e5 37. fxe5 Rxe5 38. Rg3 Ne4 39. Re1 Ng5+ 40. Kf2 Ne4+ 41. Kg2 Kf6 42. Rh3 Kg6 43. b4 b5 44. bxc5 bxc4 45. c6 c3 46. Rd3 Rc5 47. Rxd4 Nf6 48. Rc1 Rxc6 49. Rc2 Rc5 50. Kf3 h5 51. gxh5+ Rxh5 52. Ke2 Nd5 53. Kd3 Rh3+ 54. Ke4 Nf6+ 55. Ke5 Re3+ 56. Kd6 Ne4+ 57. Kd5 Nd2 58. Ra4 Rd3+ 59. Kc5 a5 60. Kb6 Nb3 61. Rc4 Rd6+ 62. Kc7 Rd5 63. R2xc3 Nd4 64. Kb6 Ne6 65. Ra4 Kf6 66. Rxa5 Rd8 67. Rh5 Rb8+ 68. Ka7 Re8 69. Rc6 Ke7 70. Re5 Kd7 71. Rexe6 Rxe6 72. Rxe6 Kxe6 73. a4 Kd6 74. Kb6 Kd7 75. Kb7 Kd6 76. a5 1-0

[Event "Budapest SixDays 06 IM-B"]
[Site "Budapest"]
[Date "2024.06.04"]
[Round "2"]
[White "Nanditha, V."]
[Black "Advaitt, Srikant Koduri"]
[Result "1/2-1/2"]
[WhiteElo "1852"]
[BlackElo "2066"]
[PlyCount "189"]
[EventDate "2024.06.03"]
[EventType "tourn"]
[EventRounds "9"]
[EventCountry "HUN"]
[SourceTitle "CBM 220 Extra"]
[Source "ChessBase"]
[SourceDate "2024.07.31"]
[SourceVersion "1"]
[SourceVersionDate "2024.07.31"]
[SourceQuality "1"]

1. e4 c5 2. Nf3 d6 3. d4 cxd4 4. Nxd4 Nf6 5. Nc3 g6 6. Be3 Bg7 7. f3 0-0 8. Qd2 Nc6 9. 0-0-0 d5 10. exd5 Nxd5 11. Nxc6 bxc6 12. Bd4 e5 13. Bc5 Be6 14. Ne4 Re8 15. Bc4 Qc7 16. g4 h6 17. h4 Red8 18. Qf2 Rd7 19. h5 g5 20. Rd2 Rad8 21. Ba3 Nf4 22. Rxd7 Rxd7 23. Bxe6 Nxe6 24. Bc5 Rd5 25. Be3 Qa5 26. a3 Kh8 27. Qe1 Qa6 28. Qf1 Qa5 29. Qc4 Bf8 30. a4 Qc7 31. Nf6 Rd8 32. Re1 Kg7 33. Ne4 Nd4 34. Rf1 Qd7 35. Bxd4 exd4 36. Ng3 Qe6 37. Nf5+ Kf6 38. Qxe6+ fxe6 39. Ng3 Bd6 40. Ne2 c5 41. b3 Bc7 42. Kd2 Rd5 43. Ng1 Re5 44. Nh3 Re3 45. Nf2 Bf4 46. Kd1 c4 47. bxc4 Ra3 48. Ne4+ Ke7 49. Ke2 Rxa4 50. c5 Ra2 51. Kd3 Be5 52. Rb1 Ra3+ 53. Rb3 Ra4 54. Rb7+ Kd8 55. Nd6 Ra3+ 56. Ke2 Re3+ 57. Kf2 Bxd6 58. cxd6 Rc3 59. Ke2 e5 60. Rxa7 Rxc2+ 61. Kd3 Rc6 62. Ra5 Rxd6 63. Rxe5 Kd7 64. Re4 Rf6 65. Rxd4+ Ke6 66. Ke3 Ke5 67. Ra4 Rb6 68. Ra5+ Kf6 69. Rf5+ Kg7 70. Rd5 Rb3+ 71. Ke4 Rb7 72. Rd6 Re7+ 73. Kd4 Rf7 74. Ke3 Re7+ 75. Kf2 Rf7 76. Kg3 Ra7 77. Rg6+ Kh7 78. Rd6 Kg7 79. Rd3 Rb7 80. f4 gxf4+ 81. Kxf4 Rb4+ 82. Kf5 Rb5+ 83. Ke4 Rb4+ 84. Rd4 Rb7 85. Rd5 Rb4+ 86. Kf5 Rb7 87. Ke6 Rb6+ 88. Ke5 Rb7 89. Kf4 Rb4+ 90. Kf5 Rb7 91. g5 hxg5 92. Kxg5 Kh7 93. h6 Ra7 94. Rb5 Rc7 95. Ra5 1/2-1/2